| 000 | 00490 a2200157 4500 | ||
|---|---|---|---|
| 999 |
_c5937 _d5937 |
||
| 020 | _a9781408007938 | ||
| 050 | _aT58.6GRA2010 | ||
| 100 |
_aGrant, Kelvin _eauthor |
||
| 245 |
_aStrategic information systems management / _cKelvin Grant,Ray Hackney and David Edgar |
||
| 264 |
_aAndover : _bCengage Learning, _cc2010 |
||
| 300 | _a385p. : | ||
| 500 | _aincludes index | ||
| 650 | _aInformation management. | ||
| 650 | _aStrategic planning. | ||
| 942 |
_2lcc _cBK _hT58.6 _iGRA _kT |
||